| 000 | 00583nam a2200181 a 4500 | ||
|---|---|---|---|
| 005 | 20140412111308.0 | ||
| 008 | 010503s19uu xx 00 eng d | ||
| 020 | _a0-86288-017-3 | ||
| 050 |
_aTR(PS E _bHa19 1992 |
||
| 100 | _aHastings, Elizabeth | ||
| 245 |
_aHansel and Gretel : _cretold by Elizabeth Hastings; illustrated by Gini Wade. _bthe Brothers Grimm / |
||
| 260 |
_aLondon : _bGreenwich Editions, _c1992. |
||
| 300 | _a1 v. (unp.) ; ill. | ||
| 440 | _aFinger puppet stories | ||
| 650 | _aBrothers and sisters-Fiction | ||
| 650 | _aChildren's stories | ||
| 999 |
_c103788 _d103788 |
||